2024 23/ Calendrier de l'Avent Mots en DRIER - Statistiques

Statistiques générales
  • Ce quiz a été pris 23 fois
  • Le résultat moyen est 5 sur 9
Statistiques - réponses
Définition Mot % Correct
Objet pour fumeur Cendrier
100%
Harnais Baudrier
90%
Système de division de l'année Calendrier
90%
Petite boite pour élégante Poudrier
52%
Plongeur Scaphandrier
52%
Noisetier Coudrier
29%
Solive Madrier
24%
Producteur de boisson Cidrier
19%
Tonnelier spécialisé Foudrier
0%
Aucun quiz correspondant
Distribution des résultats
% des personnes avec chaque résultat
Percentile par nombre de réponses
Votre historique - résultats
Vous n’avez pas pris ce quiz